| 000 | 00465nam a2200145Ia 4500 | ||
|---|---|---|---|
| 008 | 151015s9999 xx 000 0 und d | ||
| 020 | _a9966213848 | ||
| 050 | _aPN 1991.3 .C4W3 2001 | ||
| 245 | _aBrosseau Jean-Michel | ||
| 250 | _a_The Art of Radio / Jean-Michel brosseau | ||
| 300 | _aNairobi : Paulines Publications, 2001 | ||
| 500 | _aIncludes index | ||
| 650 | _a_Creating Managing and Animating a Radio Station | ||
| 700 | _a^d20110421 12:24:19^okilerai | ||
| 999 |
_c1801 _d1801 |
||